| 000 | 00335nam a22001457a 4500 | ||
|---|---|---|---|
| 003 | SGT | ||
| 082 |
_a611 _bH21C |
||
| 100 | _aCHAUDHARY, S | ||
| 245 | _aHUMAN ANATOMY AND PHYSIOLOGY | ||
| 260 |
_aPUNJAB _bS, VIKASH _c2021 |
||
| 300 | _a291 | ||
| 650 | _aANATOMY & PHYSIOLOGY | ||
| 653 | _aHUMAN, ANATOMY, PHYSIOLOGY | ||
| 942 |
_2ddc _cBK |
||
| 999 |
_c26401 _d26401 |
||